000 00497nam a2200181Ia 4500
008 131103s9999 xx 000 0 und d
020 _a0-675-04418-9
040 _aLoreto College
041 _aEnglish
082 _a371.63/HIL
_bLCBED/9068
100 _aHillerich, Robert L.
245 _aSpelling for witing
_cRobert L.Hillerich , Sharon Gould
260 _aAmerica
_bCharles E.Merrill
_c1976
300 _a166p
_c 22cm.
650 _aEducation
850 _aLCBED/371.63/HIL
942 _cBK
999 _c26078
_d76557